| 000 | 00659nam a2200241 a 4500 | ||
|---|---|---|---|
| 005 | 20160119070532.0 | ||
| 008 | 140314t1996 ck a gr|||| 00| 0 spa d | ||
| 020 | _a9586391248 | ||
| 040 |
_aCO-BoIAVH _cCO-BoIAVH |
||
| 041 | _aspa | ||
| 044 | _ack | ||
| 082 | 4 |
_a370.115 _bB42i |
|
| 100 | 1 | _aBejarano Avila, Alberto | |
| 245 | 1 |
_aIGUAIMA _bel futuro posible |
|
| 260 |
_aIbague _bCOOPERAMOS _c1996 |
||
| 300 |
_a348 paginas. _c23 x 16 cm. |
||
| 650 |
_aAlto Magdanelna _zTolima |
||
| 650 | _aTolima | ||
| 650 |
_aEconomÃa _zTolima |
||
| 650 |
_aEducacion _zTolima |
||
| 942 |
_cLIBRO _2ddc |
||
| 945 | _d2005-05-06 | ||
| 999 |
_c4411 _d4411 |
||